000 00341nam a2200121 a 4500
005 20140414131856.0
008 100828s19uu xx 00 eng d
050 _aFIL
_bY38 2007
100 _aDy-Liacco, Nikki
245 _aThe yellow paperclip with bright purple spots.
260 _aManila, Philippines :
_bAdarna,
_c2007.
999 _c110456
_d110456